[Event "ODJM B 2023"]
[Site "Willingen GER"]
[Date "2023.05.29"]
[Round "3"]
[White "Krömer, Emanuel"]
[Black "Derhay, Davyd"]
[Result "1-0"]
[Termination "normal"]
[Board "21"]
[WhiteElo "1496"]
[BlackElo "1376"]
[WhiteClock "00:14:10"]
[BlackClock "00:46:26"]
[PlyCount "115"]
[WhiteFideId "16287070"]
[BlackFideId "34130624"]
[EventCountry "GER"]
[EventRounds "9"]
[EventType "swiss"]
[EventDate "2023.05.27"]

1. d4 {[%clk 01:30:45]} {[%emt 00:00:15]} d5 {[%clk 01:30:23]} {[%emt
00:00:37]} 2. c4 {[%clk 01:31:07]} {[%emt 00:00:08]} c6 {[%clk 01:30:41]}
{[%emt 00:00:12]} 3. cxd5 {[%clk 01:31:32]} {[%emt 00:00:05]} cxd5 {[%clk
01:31:06]} {[%emt 00:00:05]} 4. Bf4 {[%clk 01:31:55]} {[%emt 00:00:07]} Bf5
{[%clk 01:31:12]} {[%emt 00:00:24]} 5. Nc3 {[%clk 01:31:59]} {[%emt 00:00:25]}
e6 {[%clk 01:31:23]} {[%emt 00:00:20]} 6. Nf3 {[%clk 01:28:38]} {[%emt
00:03:51]} Bd6 {[%clk 01:30:59]} {[%emt 00:00:55]} 7. Bxd6 {[%clk 01:27:28]}
{[%emt 00:01:39]} Qxd6 {[%clk 01:31:23]} {[%emt 00:00:06]} 8. e3 {[%clk
01:27:55]} {[%emt 00:00:03]} Nf6 {[%clk 01:31:40]} {[%emt 00:00:12]} 9. Be2
{[%clk 01:27:44]} {[%emt 00:00:42]} O-O {[%clk 01:32:02]} {[%emt 00:00:08]} 10.
O-O {[%clk 01:28:03]} {[%emt 00:00:11]} Nc6 {[%clk 01:32:01]} {[%emt 00:00:31]}
11. Nh4 {[%clk 01:27:46]} {[%emt 00:00:47]} Bg6 {[%clk 01:29:10]} {[%emt
00:03:21]} 12. Nxg6 {[%clk 01:25:06]} {[%emt 00:03:10]} hxg6 {[%clk 01:29:35]}
{[%emt 00:00:05]} 13. Qd2 {[%clk 01:23:59]} {[%emt 00:01:37]} a6 {[%clk
01:27:35]} {[%emt 00:02:30]} 14. f3 {[%clk 01:10:30]} {[%emt 00:13:59]} b5
{[%clk 01:27:19]} {[%emt 00:00:46]} 15. Rac1 {[%clk 01:07:38]} {[%emt
00:03:22]} Nd7 {[%clk 01:17:35]} {[%emt 00:10:14]} 16. Rfd1 {[%clk 01:06:03]}
{[%emt 00:02:04]} Nb6 {[%clk 01:17:16]} {[%emt 00:00:50]} 17. b3 {[%clk
01:05:55]} {[%emt 00:00:38]} Rfd8 {[%clk 01:12:31]} {[%emt 00:05:14]} 18. Bd3
{[%clk 01:03:11]} {[%emt 00:03:15]} Rac8 {[%clk 01:11:45]} {[%emt 00:01:16]}
19. Bb1 {[%clk 00:59:32]} {[%emt 00:04:09]} b4 {[%clk 01:09:49]} {[%emt
00:02:26]} 20. Ne2 {[%clk 00:58:05]} {[%emt 00:01:57]} a5 {[%clk 01:09:32]}
{[%emt 00:00:47]} 21. e4 {[%clk 00:53:34]} {[%emt 00:05:01]} dxe4 {[%clk
00:58:22]} {[%emt 00:11:40]} 22. fxe4 {[%clk 00:52:42]} {[%emt 00:01:21]} Nxd4
{[%clk 00:55:43]} {[%emt 00:03:10]} 23. Rxc8 {[%clk 00:50:22]} {[%emt
00:02:50]} Nxc8 {[%clk 00:52:36]} {[%emt 00:03:36]} 24. Nxd4 {[%clk 00:43:04]}
{[%emt 00:07:49]} e5 {[%clk 00:52:36]} {[%emt 00:00:29]} 25. Qg5 {[%clk
00:37:42]} {[%emt 00:05:52]} exd4 {[%clk 00:52:18]} {[%emt 00:00:48]} 26. Qxa5
{[%clk 00:37:57]} {[%emt 00:00:16]} Ne7 {[%clk 00:51:46]} {[%emt 00:01:02]} 27.
e5 {[%clk 00:29:16]} {[%emt 00:09:11]} Qd5 {[%clk 00:50:33]} {[%emt 00:01:42]}
28. Qxb4 {[%clk 00:19:41]} {[%emt 00:10:06]} Qxe5 {[%clk 00:50:49]} {[%emt
00:00:13]} 29. Re1 {[%clk 00:19:56]} {[%emt 00:00:16]} Nc6 {[%clk 00:50:06]}
{[%emt 00:01:13]} 30. Rxe5 {[%clk 00:20:17]} {[%emt 00:00:09]} Nxb4 {[%clk
00:50:28]} {[%emt 00:00:08]} 31. Kf2 {[%clk 00:20:41]} {[%emt 00:00:06]} d3
{[%clk 00:49:56]} {[%emt 00:01:02]} 32. Re1 {[%clk 00:16:59]} {[%emt 00:04:12]}
Nc6 {[%clk 00:49:14]} {[%emt 00:01:12]} 33. Rd1 {[%clk 00:15:16]} {[%emt
00:02:13]} Ne5 {[%clk 00:48:42]} {[%emt 00:01:02]} 34. h3 {[%clk 00:15:30]}
{[%emt 00:00:16]} Ra8 {[%clk 00:48:53]} {[%emt 00:00:19]} 35. Ke3 {[%clk
00:15:01]} {[%emt 00:00:59]} g5 {[%clk 00:48:09]} {[%emt 00:01:14]} 36. Rd2
{[%clk 00:15:09]} {[%emt 00:00:22]} g6 {[%clk 00:47:34]} {[%emt 00:01:05]} 37.
Bxd3 {[%clk 00:15:21]} {[%emt 00:00:17]} Nxd3 {[%clk 00:47:14]} {[%emt
00:00:51]} 38. Kxd3 {[%clk 00:15:48]} {[%emt 00:00:03]} Ra3 {[%clk 00:47:02]}
{[%emt 00:00:41]} 39. Kc4 {[%clk 00:16:10]} {[%emt 00:00:09]} f5 {[%clk
00:46:47]} {[%emt 00:00:45]} 40. Kb4 {[%clk 00:15:40]} {[%emt 00:01:00]} Ra8
{[%clk 00:47:08]} {[%emt 00:00:09]} 41. a4 {[%clk 00:15:57]} {[%emt 00:00:12]}
Kg7 {[%clk 00:47:14]} {[%emt 00:00:25]} 42. a5 {[%clk 00:16:05]} {[%emt
00:00:22]} Kh6 {[%clk 00:47:28]} {[%emt 00:00:14]} 43. g4 {[%clk 00:15:58]}
{[%emt 00:00:38]} Kg7 {[%clk 00:47:27]} {[%emt 00:00:32]} 44. Rd6 {[%clk
00:11:30]} {[%emt 00:04:58]} f4 {[%clk 00:46:47]} {[%emt 00:01:10]} 45. a6
{[%clk 00:11:05]} {[%emt 00:00:55]} f3 {[%clk 00:47:06]} {[%emt 00:00:10]} 46.
Ka5 {[%clk 00:11:19]} {[%emt 00:00:17]} f2 {[%clk 00:47:02]} {[%emt 00:00:34]}
47. Rd1 {[%clk 00:11:45]} {[%emt 00:00:04]} Rf8 {[%clk 00:45:23]} {[%emt
00:02:09]} 48. Rf1 {[%clk 00:11:50]} {[%emt 00:00:25]} Rf3 {[%clk 00:45:40]}
{[%emt 00:00:13]} 49. a7 {[%emt 00:00:22]} Rxb3 {[%clk 00:45:59]} 50. Ka4
{[%clk 00:12:31]} {[%emt 00:00:07]} Rb2 {[%clk 00:44:56]} {[%emt 00:01:33]} 51.
Ka3 {[%clk 00:12:56]} {[%emt 00:00:05]} Rb7 {[%clk 00:45:15]} {[%emt 00:00:11]}
52. a8=Q {[%clk 00:13:16]} {[%emt 00:00:10]} Kh6 {[%clk 00:45:23]} {[%emt
00:00:21]} 53. Qh8+ {[%clk 00:13:11]} {[%emt 00:00:36]} Rh7 {[%clk 00:45:42]}
{[%emt 00:00:11]} 54. Qf8+ {[%clk 00:13:16]} {[%emt 00:00:25]} Rg7 {[%clk
00:46:05]} {[%emt 00:00:07]} 55. Rxf2 {[%clk 00:13:27]} {[%emt 00:00:19]} Kh7
{[%clk 00:45:45]} {[%emt 00:00:50]} 56. Rf7 {[%clk 00:13:26]} {[%emt 00:00:30]}
Rxf7 {[%clk 00:46:04]} {[%emt 00:00:11]} 57. Qxf7+ {[%clk 00:13:55]} {[%emt
00:00:01]} Kh8 {[%clk 00:46:26]} {[%emt 00:00:08]} 58. Qb7 {[%clk 00:14:10]}
{[%emt 00:00:15]} 1-0

[Event "ODJM B 2023"]
[Site "Willingen GER"]
[Date "2023.05.29"]
[Round "3"]
[White "Tulchynsky, Mark"]
[Black "Beberhold, Otto Richard"]
[Result "0-1"]
[Termination "normal"]
[Board "22"]
[WhiteElo "1425"]
[BlackElo "1427"]
[WhiteClock "00:51:53"]
[BlackClock "00:14:12"]
[PlyCount "114"]
[WhiteFideId "34617698"]
[BlackFideId "34617248"]
[EventCountry "GER"]
[EventRounds "9"]
[EventType "swiss"]
[EventDate "2023.05.27"]

1. e4 {[%clk 01:30:58]} c5 {[%clk 01:30:52]} {[%emt 00:00:09]} 2. d4 {[%clk
01:31:23]} {[%emt 00:00:04]} cxd4 {[%clk 01:31:17]} {[%emt 00:00:06]} 3. c3
{[%clk 01:31:51]} {[%emt 00:00:02]} Nf6 {[%clk 01:31:34]} {[%emt 00:00:11]} 4.
e5 {[%clk 01:32:19]} {[%emt 00:00:05]} Nd5 {[%clk 01:31:53]} {[%emt 00:00:10]}
5. cxd4 {[%clk 01:32:42]} {[%emt 00:00:07]} d6 {[%clk 01:32:13]} {[%emt
00:00:10]} 6. Nf3 {[%clk 01:31:48]} {[%emt 00:01:24]} Nc6 {[%clk 01:32:18]}
{[%emt 00:00:25]} 7. Bc4 {[%clk 01:31:28]} {[%emt 00:00:50]} Nb6 {[%clk
01:32:37]} {[%emt 00:00:10]} 8. Bb5 {[%clk 01:30:55]} {[%emt 00:01:04]} Bd7
{[%clk 01:32:04]} {[%emt 00:01:03]} 9. exd6 {[%emt 00:01:59]} e6 {[%clk
01:31:02]} {[%emt 00:01:31]} 10. Bf4 {[%clk 01:27:51]} {[%emt 00:02:05]} Nd5
{[%clk 01:30:32]} {[%emt 00:01:00]} 11. Qd2 {[%clk 01:17:28]} {[%emt 00:10:54]}
Qb6 {[%clk 01:23:26]} {[%emt 00:07:35]} 12. Nc3 {[%clk 01:07:01]} {[%emt
00:10:58]} Nxf4 {[%clk 01:06:53]} {[%emt 00:17:03]} 13. Qxf4 {[%clk 01:07:19]}
{[%emt 00:00:12]} a6 {[%clk 01:07:01]} {[%emt 00:00:22]} 14. Bxc6 {[%clk
01:06:13]} {[%emt 00:01:36]} Bxc6 {[%clk 00:56:03]} {[%emt 00:11:27]} 15. Ne5
{[%clk 01:04:57]} {[%emt 00:01:46]} f6 {[%clk 00:54:45]} {[%emt 00:01:48]} 16.
Nxc6 {[%clk 01:04:29]} {[%emt 00:00:59]} Qxc6 {[%clk 00:42:12]} {[%emt
00:13:02]} 17. O-O {[%clk 01:02:11]} {[%emt 00:02:48]} Bxd6 {[%clk 00:37:24]}
{[%emt 00:05:18]} 18. Qe3 {[%clk 01:02:33]} {[%emt 00:00:08]} Kf7 {[%clk
00:37:00]} {[%emt 00:00:54]} 19. Rfd1 {[%clk 01:01:26]} {[%emt 00:01:38]} Rhe8
{[%clk 00:32:47]} {[%emt 00:04:41]} 20. d5 {[%clk 00:59:22]} {[%emt 00:02:35]}
exd5 {[%clk 00:30:18]} {[%emt 00:02:59]} 21. Qf3 {[%clk 00:59:29]} {[%emt
00:00:24]} d4 {[%clk 00:25:49]} {[%emt 00:04:59]} 22. Qxc6 {[%clk 00:59:22]}
{[%emt 00:00:36]} bxc6 {[%clk 00:26:12]} {[%emt 00:00:07]} 23. Rxd4 {[%clk
00:59:46]} {[%emt 00:00:07]} Be5 {[%clk 00:24:38]} {[%emt 00:02:03]} 24. Rd7+
{[%clk 00:58:39]} {[%emt 00:01:38]} Kf8 {[%clk 00:24:52]} {[%emt 00:00:16]} 25.
Rad1 {[%clk 00:57:07]} {[%emt 00:02:01]} Rab8 {[%clk 00:23:59]} {[%emt
00:01:23]} 26. Na4 {[%clk 00:54:36]} {[%emt 00:03:01]} Bxb2 {[%clk 00:20:17]}
{[%emt 00:04:12]} 27. Rc7 {[%clk 00:54:39]} {[%emt 00:00:27]} Re6 {[%clk
00:19:58]} {[%emt 00:00:49]} 28. Nc5 {[%clk 00:54:47]} {[%emt 00:00:23]} Re7
{[%clk 00:16:24]} {[%emt 00:04:04]} 29. Nd7+ {[%clk 00:55:04]} {[%emt
00:00:13]} Ke8 {[%clk 00:16:29]} {[%emt 00:00:24]} 30. Nxb8 {[%clk 00:52:12]}
{[%emt 00:03:23]} Rxc7 {[%clk 00:16:47]} {[%emt 00:00:11]} 31. Nxa6 {[%clk
00:52:35]} {[%emt 00:00:07]} Rd7 {[%clk 00:15:48]} {[%emt 00:01:30]} 32. Re1+
{[%clk 00:50:16]} {[%emt 00:02:49]} Re7 {[%clk 00:15:19]} {[%emt 00:00:58]} 33.
Kf1 {[%clk 00:49:12]} {[%emt 00:01:34]} Rxe1+ {[%clk 00:15:12]} {[%emt
00:00:38]} 34. Kxe1 {[%clk 00:49:40]} {[%emt 00:00:01]} Ke7 {[%clk 00:15:20]}
{[%emt 00:00:22]} 35. Kd2 {[%clk 00:49:53]} {[%emt 00:00:17]} Bd4 {[%clk
00:14:57]} {[%emt 00:00:53]} 36. Nb4 {[%clk 00:48:53]} {[%emt 00:01:30]} Kd6
{[%clk 00:14:40]} {[%emt 00:00:47]} 37. f3 {[%clk 00:48:24]} {[%emt 00:00:59]}
Kc5 {[%clk 00:08:56]} {[%emt 00:06:14]} 38. Nd3+ {[%clk 00:46:25]} {[%emt
00:02:30]} Kb5 {[%clk 00:08:24]} {[%emt 00:01:01]} 39. Ne1 {[%clk 00:39:45]}
{[%emt 00:07:11]} Kc4 {[%clk 00:04:31]} {[%emt 00:04:22]} 40. Kc2 {[%clk
00:37:10]} {[%emt 00:03:06]} Kb4 {[%clk 00:03:47]} {[%emt 00:01:13]} 41. Kd3
{[%clk 00:36:56]} {[%emt 00:00:44]} Be5 {[%clk 00:02:16]} {[%emt 00:02:02]} 42.
Nc2+ {[%clk 00:36:31]} {[%emt 00:00:54]} Kb5 {[%emt 00:02:02]} 43. g3 {[%clk
00:36:19]} {[%emt 00:00:40]} g5 {[%clk 00:29:22]} {[%emt 00:01:54]} 44. Nd4+
{[%clk 01:04:37]} {[%emt 00:02:12]} Kc5 {[%clk 00:24:08]} {[%emt 00:05:44]} 45.
Nc2 {[%clk 01:04:50]} {[%emt 00:00:18]} f5 {[%clk 00:22:22]} {[%emt 00:02:15]}
46. Ne1 {[%clk 01:02:08]} {[%emt 00:03:12]} h5 {[%clk 00:21:53]} {[%emt
00:00:59]} 47. Nc2 {[%clk 01:00:51]} {[%emt 00:01:47]} f4 {[%clk 00:20:54]}
{[%emt 00:01:30]} 48. gxf4 {[%clk 00:57:48]} {[%emt 00:03:32]} Bxf4 {[%clk
00:19:08]} {[%emt 00:02:16]} 49. h3 {[%clk 00:58:13]} {[%emt 00:00:05]} Be5
{[%clk 00:19:12]} {[%emt 00:00:26]} 50. Ke4 {[%clk 00:57:35]} {[%emt 00:01:09]}
Bf6 {[%clk 00:13:29]} {[%emt 00:06:12]} 51. Kf5 {[%clk 00:51:26]} {[%emt
00:06:39]} Bd8 {[%clk 00:13:51]} {[%emt 00:00:08]} 52. f4 {[%clk 00:51:20]}
{[%emt 00:00:36]} gxf4 {[%clk 00:13:05]} {[%emt 00:01:16]} 53. Kxf4 {[%clk
00:51:48]} {[%emt 00:00:03]} Kc4 {[%clk 00:13:22]} {[%emt 00:00:13]} 54. Ke3
{[%clk 00:51:52]} {[%emt 00:00:26]} Kc3 {[%clk 00:13:32]} {[%emt 00:00:20]} 55.
Nd4 {[%clk 00:52:18]} {[%emt 00:00:04]} Bb6 {[%clk 00:13:45]} {[%emt 00:00:17]}
56. Kf4 {[%clk 00:51:30]} {[%emt 00:01:18]} Kxd4 {[%clk 00:13:52]} {[%emt
00:00:22]} 57. Kg5 {[%clk 00:51:53]} {[%emt 00:00:07]} c5 {[%clk 00:14:12]} 0-1

[Event "ODJM B 2023"]
[Site "Willingen GER"]
[Date "2023.05.29"]
[Round "3"]
[White "Frowein, Jamie"]
[Black "Andresen, Eric"]
[Result "1-0"]
[Termination "normal"]
[Board "23"]
[WhiteElo "1441"]
[BlackElo "1526"]
[WhiteClock "00:46:16"]
[BlackClock "00:05:33"]
[PlyCount "101"]
[WhiteFideId "16282949"]
[BlackFideId "34641360"]
[EventCountry "GER"]
[EventRounds "9"]
[EventType "swiss"]
[EventDate "2023.05.27"]

1. c4 {[%clk 01:30:59]} {[%emt 18:17:32]} c5 {[%clk 01:30:52]} {[%emt
00:00:08]} 2. Nf3 {[%clk 01:31:19]} {[%emt 00:00:10]} Nc6 {[%clk 01:30:19]}
{[%emt 00:01:04]} 3. Nc3 {[%clk 01:31:44]} {[%emt 00:00:04]} g6 {[%clk
01:30:41]} {[%emt 00:00:08]} 4. d4 {[%clk 01:31:14]} {[%emt 00:01:00]} cxd4
{[%clk 01:29:18]} {[%emt 00:01:54]} 5. Nxd4 {[%clk 01:31:38]} {[%emt 00:00:05]}
Bg7 {[%clk 01:29:09]} {[%emt 00:00:39]} 6. e3 {[%clk 01:31:15]} {[%emt
00:00:53]} e6 {[%clk 01:28:22]} {[%emt 00:01:17]} 7. Be2 {[%clk 01:27:48]}
{[%emt 00:03:57]} Nge7 {[%clk 01:28:05]} {[%emt 00:00:47]} 8. h4 {[%clk
01:18:26]} {[%emt 00:09:52]} Nxd4 {[%clk 01:13:49]} {[%emt 00:14:47]} 9. exd4
{[%clk 01:18:45]} {[%emt 00:00:11]} Nf5 {[%clk 01:14:00]} {[%emt 00:00:18]} 10.
Nb5 {[%clk 01:11:28]} {[%emt 00:07:47]} a6 {[%clk 01:01:12]} {[%emt 00:13:18]}
11. g4 {[%clk 01:06:19]} {[%emt 00:05:39]} axb5 {[%clk 01:00:49]} {[%emt
00:00:53]} 12. gxf5 {[%clk 01:06:18]} {[%emt 00:00:30]} gxf5 {[%clk 00:58:53]}
{[%emt 00:02:26]} 13. cxb5 {[%clk 01:05:37]} {[%emt 00:01:12]} Qf6 {[%clk
00:54:14]} {[%emt 00:05:09]} 14. d5 {[%clk 01:01:17]} {[%emt 00:04:50]} Qd4
{[%clk 00:41:20]} {[%emt 00:13:24]} 15. Rh3 {[%clk 00:53:33]} {[%emt 00:08:13]}
Qxd1+ {[%clk 00:37:50]} {[%emt 00:04:00]} 16. Bxd1 {[%clk 00:53:34]} {[%emt
00:00:29]} d6 {[%clk 00:36:26]} {[%emt 00:01:55]} 17. Re3 {[%clk 00:51:08]}
{[%emt 00:02:56]} Bd7 {[%clk 00:23:18]} {[%emt 00:13:38]} 18. Bb3 {[%clk
00:47:27]} {[%emt 00:04:12]} Ke7 {[%clk 00:20:27]} {[%emt 00:03:20]} 19. a4
{[%clk 00:40:36]} {[%emt 00:07:21]} Bd4 {[%clk 00:15:44]} {[%emt 00:05:13]} 20.
Re2 {[%clk 00:38:00]} {[%emt 00:03:07]} Bxb5 {[%clk 00:13:28]} {[%emt
00:02:45]} 21. Bg5+ {[%clk 00:37:36]} {[%emt 00:00:54]} Bf6 {[%clk 00:12:21]}
{[%emt 00:01:37]} 22. Re3 {[%clk 00:35:48]} {[%emt 00:02:18]} Bxg5 {[%clk
00:11:55]} {[%emt 00:00:57]} 23. hxg5 {[%clk 00:36:11]} {[%emt 00:00:06]} Bd7
{[%clk 00:11:19]} {[%emt 00:01:06]} 24. O-O-O {[%clk 00:35:59]} {[%emt
00:00:42]} f4 {[%clk 00:10:26]} {[%emt 00:01:24]} 25. Re4 {[%clk 00:35:13]}
{[%emt 00:01:16]} e5 {[%clk 00:10:07]} {[%emt 00:00:49]} 26. Rde1 {[%clk
00:35:11]} {[%emt 00:00:31]} Kf8 {[%clk 00:09:50]} {[%emt 00:00:47]} 27. Rb4
{[%clk 00:33:56]} {[%emt 00:01:45]} Rc8+ {[%clk 00:08:47]} {[%emt 00:01:33]}
28. Kb1 {[%clk 00:32:14]} {[%emt 00:02:13]} Rc7 {[%clk 00:08:25]} {[%emt
00:00:52]} 29. Bc2 {[%clk 00:31:52]} {[%emt 00:00:51]} Kg7 {[%clk 00:08:25]}
{[%emt 00:00:30]} 30. Rb6 {[%clk 00:31:23]} {[%emt 00:00:59]} Ra8 {[%clk
00:07:28]} {[%emt 00:01:28]} 31. Rxd6 {[%clk 00:29:29]} {[%emt 00:02:23]} Rac8
{[%clk 00:01:32]} {[%emt 00:06:26]} 32. Bb3 {[%clk 00:25:55]} {[%emt 00:04:04]}
Bf5+ {[%clk 00:01:30]} {[%emt 00:00:31]} 33. Ka2 {[%clk 00:25:16]} {[%emt
00:01:10]} Re8 {[%clk 00:00:45]} {[%emt 00:01:15]} 34. Rf6 {[%clk 00:24:54]}
{[%emt 00:00:51]} Bc2 {[%clk 00:00:40]} {[%emt 00:00:36]} 35. Rxf4 {[%clk
00:23:08]} {[%emt 00:02:16]} Bxb3+ {[%clk 00:00:36]} {[%emt 00:00:35]} 36. Kxb3
{[%clk 00:23:29]} {[%emt 00:00:08]} exf4 {[%clk 00:00:48]} {[%emt 00:00:18]}
37. Rxe8 {[%clk 00:23:52]} {[%emt 00:00:07]} Rd7 {[%clk 00:00:49]} {[%emt
00:00:30]} 38. Re5 {[%clk 00:23:26]} {[%emt 00:00:55]} f6 {[%clk 00:00:51]}
{[%emt 00:00:28]} 39. gxf6+ {[%clk 00:23:38]} {[%emt 00:00:18]} Kxf6 {[%clk
00:01:18]} {[%emt 00:00:03]} 40. Re6+ {[%clk 00:23:24]} {[%emt 00:00:44]} Kg5
{[%clk 00:00:37]} {[%emt 00:01:11]} 41. Kc4 {[%clk 00:22:52]} {[%emt 00:01:02]}
h5 {[%clk 00:23:40]} {[%emt 00:07:27]} 42. Re8 {[%clk 00:48:31]} {[%emt
00:04:50]} Rh7 {[%clk 00:19:15]} {[%emt 00:04:56]} 43. d6 {[%clk 00:46:34]}
{[%emt 00:02:27]} Kf6 {[%clk 00:16:09]} {[%emt 00:03:36]} 44. Kd5 {[%clk
00:46:39]} {[%emt 00:00:25]} h4 {[%clk 00:15:24]} {[%emt 00:01:15]} 45. Re6+
{[%clk 00:46:16]} {[%emt 00:00:53]} Kg5 {[%clk 00:12:32]} {[%emt 00:03:22]} 46.
Re7 {[%clk 00:46:33]} {[%emt 00:00:13]} Rh8 {[%clk 00:07:35]} {[%emt 00:05:27]}
47. d7 {[%clk 00:46:41]} {[%emt 00:00:22]} Rd8 {[%clk 00:07:44]} {[%emt
00:00:21]} 48. Ke6 {[%clk 00:46:06]} {[%emt 00:01:04]} Kg4 {[%clk 00:05:07]}
{[%emt 00:03:07]} 49. Re8 {[%clk 00:45:47]} {[%emt 00:00:50]} Rxd7 {[%clk
00:05:25]} {[%emt 00:00:12]} 50. Kxd7 {[%clk 00:46:06]} {[%emt 00:00:11]} h3
{[%clk 00:05:33]} {[%emt 00:00:21]} 51. Rh8 {[%clk 00:46:16]} {[%emt 00:00:21]}
1-0

[Event "ODJM B 2023"]
[Site "Willingen GER"]
[Date "2023.05.29"]
[Round "3"]
[White "Jacoby, Angelina"]
[Black "Jansen, Malte"]
[Result "1/2-1/2"]
[Termination "normal"]
[Board "24"]
[WhiteElo "1583"]
[BlackElo "1503"]
[WhiteClock "00:30:18"]
[BlackClock "00:28:30"]
[PlyCount "60"]
[WhiteFideId "12999008"]
[BlackFideId "16295137"]
[EventCountry "GER"]
[EventRounds "9"]
[EventType "swiss"]
[EventDate "2023.05.27"]

1. d4 {[%clk 01:30:56]} {[%emt 00:00:02]} d5 {[%clk 01:30:41]} {[%emt
00:00:19]} 2. Bf4 {[%clk 01:31:21]} {[%emt 00:00:05]} c5 {[%clk 01:30:44]}
{[%emt 00:00:26]} 3. e3 {[%clk 01:31:41]} {[%emt 00:00:11]} cxd4 {[%clk
01:30:20]} {[%emt 00:00:54]} 4. exd4 {[%clk 01:30:52]} {[%emt 00:01:20]} Nc6
{[%clk 01:30:06]} {[%emt 00:00:42]} 5. c3 {[%clk 01:30:26]} {[%emt 00:00:57]}
Nf6 {[%clk 01:29:37]} {[%emt 00:00:59]} 6. Nf3 {[%clk 01:28:57]} {[%emt
00:01:59]} Bf5 {[%clk 01:27:40]} {[%emt 00:02:27]} 7. h3 {[%clk 01:24:42]}
{[%emt 00:04:45]} e6 {[%clk 01:23:04]} {[%emt 00:05:06]} 8. Nbd2 {[%clk
01:24:28]} {[%emt 00:00:44]} Bd6 {[%clk 01:16:59]} {[%emt 00:06:35]} 9. Bxd6
{[%clk 01:21:40]} {[%emt 00:03:18]} Qxd6 {[%clk 01:16:56]} {[%emt 00:00:33]}
10. Be2 {[%clk 01:20:35]} {[%emt 00:01:34]} O-O {[%clk 01:15:31]} {[%emt
00:01:55]} 11. O-O {[%clk 01:18:21]} {[%emt 00:02:45]} h6 {[%clk 01:13:05]}
{[%emt 00:02:55]} 12. Re1 {[%clk 01:17:03]} {[%emt 00:01:48]} a6 {[%clk
01:08:32]} {[%emt 00:05:04]} 13. Nb3 {[%clk 01:15:57]} {[%emt 00:01:35]} b5
{[%clk 00:57:24]} {[%emt 00:11:39]} 14. a3 {[%clk 01:10:49]} {[%emt 00:05:38]}
Nd7 {[%clk 00:54:26]} {[%emt 00:03:28]} 15. Nc1 {[%clk 00:59:54]} {[%emt
00:11:25]} Na5 {[%clk 00:49:54]} {[%emt 00:05:02]} 16. Bd3 {[%clk 00:58:48]}
{[%emt 00:01:36]} Bxd3 {[%clk 00:47:20]} {[%emt 00:03:03]} 17. Nxd3 {[%clk
00:58:42]} {[%emt 00:00:37]} Nc4 {[%clk 00:46:29]} {[%emt 00:01:21]} 18. Qe2
{[%clk 00:52:41]} {[%emt 00:06:30]} Rfe8 {[%clk 00:41:43]} {[%emt 00:05:16]}
19. Nfe5 {[%clk 00:50:07]} {[%emt 00:03:04]} Ndxe5 {[%clk 00:39:45]} {[%emt
00:02:28]} 20. Nxe5 {[%clk 00:49:12]} {[%emt 00:01:26]} Nxe5 {[%clk 00:39:21]}
{[%emt 00:00:54]} 21. Qxe5 {[%clk 00:49:31]} {[%emt 00:00:11]} Qxe5 {[%clk
00:39:39]} {[%emt 00:00:12]} 22. Rxe5 {[%clk 00:47:49]} {[%emt 00:02:12]} Ra7
{[%clk 00:37:13]} {[%emt 00:02:56]} 23. f4 {[%clk 00:47:56]} {[%emt 00:00:23]}
f5 {[%clk 00:36:49]} {[%emt 00:00:53]} 24. Rae1 {[%clk 00:47:28]} {[%emt
00:00:58]} Kf7 {[%clk 00:36:50]} {[%emt 00:00:29]} 25. g4 {[%clk 00:47:15]}
{[%emt 00:00:44]} g6 {[%clk 00:36:56]} {[%emt 00:00:24]} 26. Kf2 {[%clk
00:46:41]} {[%emt 00:01:03]} Rae7 {[%clk 00:36:27]} {[%emt 00:01:00]} 27. Kf3
{[%clk 00:40:18]} {[%emt 00:06:52]} Kf6 {[%clk 00:32:15]} {[%emt 00:04:43]} 28.
h4 {[%clk 00:31:04]} {[%emt 00:09:43]} fxg4+ {[%clk 00:29:04]} {[%emt
00:03:41]} 29. Kxg4 {[%clk 00:31:28]} {[%emt 00:00:07]} h5+ {[%clk 00:29:24]}
{[%emt 00:00:10]} 30. Kf3 {[%clk 00:30:18]} {[%emt 00:01:40]} Rb8 {[%clk
00:28:30]} {[%emt 00:01:24]} 1/2-1/2